Antropología metafísica

保存先:
書誌詳細
フォーマット: 図書
言語:スペイン語
出版事項: Madrid Alianza 1983
シリーズ:Alianza Universidad
主題:
タグ: タグ追加
タグなし, このレコードへの初めてのタグを付けませんか!

MARC

LEADER 00000nam a2200000 a 4500
001 UCY5746
003 CL-VaPUC
008 950512e19830000SP |||||||||||||||||spa|d
082 0 4 |a 128  |b MAR  |2 21 
245 1 0 |a Antropología metafísica 
300 |a 224 p 
942 |c BK 
945 |d 19950512 00:00:00  |a cmena 
260 |a Madrid  |b Alianza  |c 1983 
600 0 |a Dios  |9 314467 
650 0 |a Antropología   |9 233030 
650 0 |a Filosofía   |9 223554 
650 7 |a HOMBRE  |2 CL-VaPUC  |9 262149 
650 0 |a Vida  |9 266033 
650 0 |a Muerte  |9 265114 
650 0 |a Mujeres  |9 257649 
650 0 |a Amor  |9 257817 
650 0 |a Sexo  |9 257818 
650 0 |a Comunicación   |9 257251 
650 0 |a Felicidad  |9 257029 
583 |a last modification  |c 19950512 00:00:00  |k Rodrigo Vera 
490 0 |a Alianza Universidad 
999 |c 233367  |d 233365 
952 |0 0  |1 0  |4 0  |6 128_000000000000000_MAR_1983  |7 0  |8 A  |9 238852  |a BIBEDU  |b BIBEDU  |d 2019-11-18  |i 150231K  |o 128 MAR 1983  |p 150231K  |r 2019-11-18  |w 2019-11-18  |y BK  |k EDU 
952 |0 0  |1 0  |4 0  |6 128_000000000000000_MAR_1983  |7 0  |8 A  |9 238853  |a BIBTEO  |b BIBTEO  |d 2019-11-18  |i 2020246  |o 128 MAR 1983  |p 2020246  |r 2025-01-17  |w 2019-11-18  |y BK  |k ICR 
952 |0 0  |1 0  |4 0  |6 128_000000000000000_MAR_1983  |7 0  |8 A  |9 238854  |a BIBTEO  |b BIBTEO  |d 2019-11-18  |i 2020254  |o 128 MAR 1983  |p 2020254  |r 2025-01-17  |w 2019-11-18  |y BK  |k ICR 
952 |0 0  |1 0  |4 0  |6 128_000000000000000_MAR_1983  |7 0  |8 A  |9 238855  |a BIBEDU  |b BIBEDU  |d 2019-11-18  |i 1581333  |o 128 MAR 1983  |p 1581333  |r 2019-11-18  |w 2019-11-18  |y BK  |k FIL